00000000nam##2200000za#4500
0019.527249
003CaOODSP
00520210615083033
007ta
008150406|1996||||xxc|||||     f|0| 0 fre|d
020 |a0-660-59978-3
022 |a0706-148X
040 |aCaOODSP|bfre
041 |aeng
041 |afre
043 |an-cn---
0861 |aS52-2/230-1996
1101 |aCanada.|bTravaux publics et Services gouvernementaux Canada. |bServices de traduction.
24510|aVocabulaire du financement et de l'assurance à l'exportation / |cpar Janeen Johnston-Des Rochers et al. Publié conjointement par Services linguistiques de la Société pour l'expansion des exportations (SEE).
2461 |iTitre alternatif : |aVocabulario trilingüe de la gestién de desechos nucleares
260 |aOttawa - Ontario : |bTravaux publics et Services gouvernementaux Canada. |c1996.
300 |axxxi, 572p. : |c22 cm.
4901 |aBulletin de terminologie|x0706-148X|v230
500 |aTitre espagnol: Vocabulario del Financiamiento y Segura al la Exportación.
504 |aBibliographie.
5203 |aCe vocabulaire anglais-français-espagnol a été mis au point par la Direction de la terminologie et de la normalisation du Bureau de la traduction en collaboration avec le Département des services linguistiques de la Société pour l'expansion des exportations, afin d'offrir un lexique trilingue de termes spécialisés concernant le commerce international, les finances, l'économie et les assurances. Ce lexique vise à répondre aux besoins issus de la croissance rapide du commerce dans le cadre de l'Accord de libre-échange nord-américain. Il a été conçu comme référence pour les exportateurs, les assureurs, les fournisseurs, les experts financiers et les linguistes. Ce vocabulaire comprend environ 1 400 entrées et définit plus de 470 termes. Des emplois idiomatiques sont donnés en contexte dans chaque langue pour certains termes, ce qui fait de ce lexique un outil pratique et précieux.
546 |aBilingue. Texte en français, anglais et espagnol
563 |aCouverture souple
590 |a96-14|b1996-04-01
69107|aExportation|2gcpds
69107|aTerminologie|2gcpds
7201 |aJohnston-Des Rochers, Janeen
7760#|tExport financing and insurance vocabulary / |w(CaOODSP)9.590565
791 |tExport financing and insurance vocabulary / |eeng|w(CaOODSP)9.527248
830#0|aBulletin de terminologie,|x0706-148X|v230|w(CaOODSP)9.509599